1716 1594 1614 1637 1906 1168 1763 1631 1670 1365 1015 1906 1893 1496 1517 1928 1557 1778 1830 1300 1284 1791 1754 1695 1821 1641 1014 1238 1445 1380 1679 1195 1830 1407 1387 1396 1175 1719 1608 1352 1473 1264 1538 1395 1237 1946 1084 1152 1113 1574 1266 1171 1156 1370 1303 1193 1716 1265 1961 1237 1436 1112 1323 1434 1825 1938 1979 1532 1999 1900 1625 1079 1550 1594 1004 1707 1014 1960 1085 1775 1402 2000 1821 1515 1434 1122 1507 1399 1546 1567 1825 1991 1094 1177 1344 1088 1665 1126 1620 BCNSPRNW ULIB Ver.6.0+V

เปลี่ยนเป็นภาษาไทย

Change to English
 แสดงรายละเอียดบรรณานุกรม
  กลับหน้าหลัก

Brief Record : Get Marc (ISO 2709) : E-mail record : QR code < ปิดหน้าต่าง
LEADER : 00000nam 2200000uu 4500
001    13399128029
003     ULIB
008    220111s2563||||th 000 0 tha d
020    ^a9789740339113 (ล. 1)
050 00 ^aPE1119^bม64E^cL.1
100 0  ^aมาลินี จันทวิมล
245 10 ^aExpanding reading skills LEVEL 1 /^cมาลินี จันทวิมล
260    ^aกรุงเทพฯ :^bสำนักพิมพ์จุฬาลงกรณ์มหาวิทยาลัย,^c2563
300    ^a162 หน้า. :^bภาพประกอบ
650  4 ^aภาษาอังกฤษ^xการศึกษาและการสอน (มัธยมศึกษา)
650  4 ^aภาษาอังกฤษ^xตำราสำหรับชนต่างชาติ
945    ^p260^l0^i29175
999    ^aกัณชพร จุลอักษร
รายการนี้ยังไม่มีแท็ก
คุณยังไม่ได้ล็อกอิน คุณสามารถมีกิจกรรมร่วมกับเว็บไซต์ได้ แต่ต้องล็อกอินก่อน ::
  ล็อกอิน

รายการสื่อสารสนเทศ

ลำดับที่ ประเภท เลขเรียก/บาร์โค้ด สถานที่ สถานะ
1. วิทยาศาสตร์การแพทย์ และสุขภาพ
วิทยาศาสตร์การแพทย์ และสุขภาพ
PE1119 ม64E L.1 ฉ.1 
  Barcode: 29175
ห้องสมุดวิทยาเขตนครสวรรค์
►หนังสือทั่วไป:l:General Books
บนชั้น

รายการใกล้เคียง
    ผู้แต่ง [มาลินี จันทวิมล]

BibComment


ยังไม่เคยถูกคอมเมนท์

คอมเมนท์ทรัพยากรรายการนี้
  คอมเมนท์: Expanding readin..


 Copyright 2026. Bcnsprnw @Library